<?xml version="1.0" encoding="UTF-8"?>
<collection xmlns="http://www.loc.gov/MARC21/slim">
 <record>
  <leader>01454ngm a22002295a 4500</leader>
  <controlfield tag="001">CEM.cems020616</controlfield>
  <controlfield tag="008">231108s1995####xx#---############vlund#d</controlfield>
  <controlfield tag="005">20231108194904.0</controlfield>
  <datafield tag="245" ind1="1" ind2="0">
   <subfield code="a">Fuego contra fuego</subfield>
   <subfield code="h">[videograbación] /</subfield>
   <subfield code="c">Michael Mann.</subfield>
  </datafield>
  <datafield tag="260" ind1=" " ind2=" ">
   <subfield code="a">Estados Unidos :</subfield>
   <subfield code="b">Warner Bros. Pictures,</subfield>
   <subfield code="c">1995.</subfield>
  </datafield>
  <datafield tag="300" ind1=" " ind2=" ">
   <subfield code="a">170'.</subfield>
  </datafield>
  <datafield tag="520" ind1=" " ind2=" ">
   <subfield code="a">Neil McCauley (Robert De Niro) es un experto ladrón. Su filosofía consiste en vivir sin ataduras ni vínculos que puedan constituir un obstáculo si las cosas se complican. Su banda la forman criminales profesionales tan cualificados que pueden incluso impresionar al detective Vincent Hanna (Al Pacino), un hombre que vive tan obsesionado con su trabajo que llega a poner en peligro su vida sentimental. Cuando la banda de McCauley prepara el golpe definitivo, y el equipo de Hanna se dispone a evitarlo, cada uno de ellos comprende que tiene que vérselas con la mente más brillante a la que se ha enfrentado en su carrera.</subfield>
  </datafield>
  <datafield tag="590" ind1=" " ind2=" ">
   <subfield code="a">Identificación anterior: 268</subfield>
  </datafield>
  <datafield tag="538" ind1=" " ind2=" ">
   <subfield code="a">Soporte: DVD -- Formato: DVD  Peso: 0,99gb -- Resolución: 720 x 480 -- 29.97fps</subfield>
  </datafield>
  <datafield tag="500" ind1=" " ind2=" ">
   <subfield code="a">Título original: Heat  Idioma: Inglés  Subtítulos: Español.</subfield>
  </datafield>
  <datafield tag="100" ind1="1" ind2=" ">
   <subfield code="a">Mann, Michael.</subfield>
  </datafield>
  <datafield tag="700" ind1="1" ind2=" ">
   <subfield code="a">Pacino, Al; Reparto.</subfield>
  </datafield>
  <datafield tag="700" ind1="1" ind2=" ">
   <subfield code="a">De Niro, Robert; Reparto.</subfield>
  </datafield>
  <datafield tag="710" ind1="2" ind2=" ">
   <subfield code="a">Warner Bros.</subfield>
  </datafield>
  <datafield tag="653" ind1=" " ind2=" ">
   <subfield code="a">LARGOMETRAJE</subfield>
  </datafield>
  <datafield tag="653" ind1=" " ind2=" ">
   <subfield code="a">FICCIÓN</subfield>
  </datafield>
  <datafield tag="859" ind1=" " ind2=" ">
   <subfield code="a">CEMS</subfield>
   <subfield code="b">BIB. CEMS - Depto. Recursos Didacticos</subfield>
   <subfield code="h">778.5</subfield>
   <subfield code="i">MAN-2</subfield>
   <subfield code="k">DRD</subfield>
   <subfield code="p">3210.23</subfield>
   <subfield code="t">Ej.1</subfield>
  </datafield>
 </record>
</collection>
